01019nam a2200193Ia 4500001001000000003001000010008004100020040002500061041001300086100002100099245006300120250001100183260005200194300001200246500021500258501011400473520021500587650002300802L195-2036IT-CnALBA170116s9999||||xx |||||||||||||| ||und|| aIT-CnALBAcIT-CnALBA aITALIANO aVICO G. BATTISTA 0aSCIENZA NUOVA (LA) SECONDO L'EDIZIONE DEL 1744. VOL. III.  a1a ed. aMILANObGARZANTI ALDO EDITORE c [1° Ed.:1946] a351 p.  aCURATORE GIOVANNI E. BARIÈ. SAPIENZA POETICA. METAFISICA POETICA. MORALE POETICA. ICONOMICA POETICA. POLITICA POETICA. FISICA POETICA. COSMOGRAFIA POETICA. CRONOLOGIA POETICA. GEOGRAFIA POETICA. CONCLUSIONE.  aSocietà San Paolo EM - Piazza San Paolo, 14 - 12051 ALBA (CN) (non commercial uses only) ® Copyright 2017 aCURATORE GIOVANNI E. BARIÈ. SAPIENZA POETICA. METAFISICA POETICA. MORALE POETICA. ICONOMICA POETICA. POLITICA POETICA. FISICA POETICA. COSMOGRAFIA POETICA. CRONOLOGIA POETICA. GEOGRAFIA POETICA. CONCLUSIONE.  aFILOSOFIA ITALIANA